| 000 | 02278nam a22003497a 4500 | ||
|---|---|---|---|
| 001 | 104786 | ||
| 003 | KnowledgeUnlatched | ||
| 005 | 20210303105133.0 | ||
| 006 | m o d | ||
| 007 | cr u|||||||||| | ||
| 008 | 210129p20172019nyu o u00| u eng d | ||
| 037 | _5BiblioBoard | ||
| 245 | 0 | 0 |
_aCyborg Mind _bWhat Brain-Computer and Mind-Cyberspace Interfaces Mean for Cyberneuroethics / _cCalum MacKellar. |
| 020 | _a9781789200157 | ||
| 029 | 1 | _ahttps://library.biblioboard.com/ext/api/media/16c0db7a-a556-4660-9662-bb69d938b6de/assets/thumbnail.jpg | |
| 040 |
_aScCtBLL _cScCtBLL |
||
| 100 | 1 |
_aMacKellar, Calum _eauthor. |
|
| 264 | 1 | _bBerghahn Books, | |
| 300 | _a1 online resource (264 p.) | ||
| 506 | 0 |
_aAccess copy available to the general public. _fUnrestricted _2star |
|
| 520 | _aShould people hardwire computers into their brains, enabling their minds to directly access cyberspace? What advantages and risks would this represent? Would this create a new humanity? These questions have been considered and discussed in science fiction for decades, but technology is beginning to make such developments seem remarkably plausible. This book examines what is currently taking place in this fast-developing sector of society while looking at future prospects. In so doing it seeks to integrate technological and scientific developments, political debate as well as philosophical interrogation while involving ethicists, policy makers, journalists, and practitioners. It is the first extensive study on a topic that is certain to significantly impact the 21st century and beyond. It opens the first door to this important debate. | ||
| 588 | 0 | _aDescription based on print version record. | |
| 590 | _aKU Select 2017: Front list Collection | ||
| 650 | 7 |
_aTechnology & Engineering _2bisacsh |
|
| 650 | 0 | _aTechnology | |
| 655 | 0 | _aElectronic books. | |
| 758 |
_iIs found in: _aKnowledge Unlatched _1https://openresearchlibrary.org/module/2774bc74-146a-484f-a7ba-ab1d6a09bbfb |
||
| 856 | 4 | 0 |
_uhttps://openresearchlibrary.org/content/16c0db7a-a556-4660-9662-bb69d938b6de _zView this content on Open Research Library. _70 |
| 999 |
_c33728 _d33728 |
||